000
00326nam a22001457a 4500
008
221028b ||||| |||| 00| 0 eng d
020
_a
9780323080248
041
_a
eng
080
_2
FIFTH EDITION
_a
610
082
_a
610BUR
100
_a
8
101
_a
INF
245
_a
PEDIATRIC PRIMARY CARE
_c
BURNS C
942
_2
udc
_c
BK
999
_c
58681
_d
58681